LEADER 04864nam 22007575 450 001 996691667603316 005 20251001130735.0 010 $a3-031-99732-8 024 7 $a10.1007/978-3-031-99732-7 035 $a(MiAaPQ)EBC32323540 035 $a(Au-PeEL)EBL32323540 035 $a(CKB)41528769200041 035 $a(DE-He213)978-3-031-99732-7 035 $a(OCoLC)1547928328 035 $a(EXLCZ)9941528769200041 100 $a20251001d2026 u| 0 101 0 $aeng 135 $aurcnu|||||||| 181 $ctxt$2rdacontent 182 $cc$2rdamedia 183 $acr$2rdacarrier 200 10$aModelling and Simulation for Autonomous Systems $e11th International Conference, MESAS 2024, Chania, Crete, Greece, October 1?3, 2024, Revised Selected Papers /$fedited by Jan Mazal, Adriano Fagiolini, Petr Va?ík, Agostino Bruzzone, Stefan Pickl, Petr Stodola, Vlastimil Neumann, Pavel Lou?ka 205 $a1st ed. 2026. 210 1$aCham :$cSpringer Nature Switzerland :$cImprint: Springer,$d2026. 215 $a1 online resource (333 pages) 225 1 $aLecture Notes in Computer Science,$x1611-3349 ;$v15761 311 08$a3-031-99731-X 327 $a -- M&S of Intelligent Systems - R&D and Application. -- The Requirements of Commanders on Ground Control Station of Heterogenous Swarm Robotic Systems. -- Computer-Generated-Forces Team-Behavior of Air-Defense-Systems: Concept and First Implementations. -- A simulated study on Thermal camera and FMCW radar sensor fusion for UAV sense and avoid in the context of the AAM. -- Advancing Steering Control: A Novel Architecture for Redundant Wheel Configuration. -- Visual Mission Scripting for Multi-Agent-Based Simulation of Autonomous Platforms. -- Multi-domain Model of UxS Cooperation for Effective Monitoring and Surveillance in the UNFICYP Peacekeeping Mission. -- Terrain Anomaly Detection Capabilities Using a Small Autonomous Robotic Vehicle. -- Robotics for Engineer Operations. -- Terrain Modeling in 3D Mapping for Autonomous Navigation in Multi-layered Environments. -- On Autonomous Ground Vehicle Navigation in Leader-Follower Off-road Environments. -- Merging Domains and Dimensions within an Innovative Common Simulation of Autonomous Behaviors during Operations. -- Future Challenges of Advanced M&S Technology. -- Sensor Performance Models for Cooperative Airborne Sensor Deployment. -- Exploring Multi-Attribute Decision Making For Collaborative First-Aid Drone Deliveries. -- Development Challenges of Unmanned Ground Vehicles for special purpose use. -- AxS/AI in Context of Future Warfare and Security Environment. -- Big Data and Machine Learning Techniques to Parametrize Strategic Shocks for Resilience Measurement. -- Do androids dream of electric sheep??- aka The potentials and threats of applying artificial intelligence, automation processes and telemetry in medicine - experiments in live exercises. 330 $aThis book constitutes the proceedings of the 11th International Conference on Modelling and Simulation for Autonomous Systems, MESAS 2024, which took place in Chania, Crete, Greece, during October 1?3, 2024. The 16 full papers included in this book were carefully reviewed and selected from 23 submissions. They were organized in topical sections as follows: M&S of Intelligent Systems - R&D and Application; Future Challenges of Advanced M&S Technology; and AxS/AI in Context of Future Warfare and Security Environment. 410 0$aLecture Notes in Computer Science,$x1611-3349 ;$v15761 606 $aComputer simulation 606 $aComputer networks 606 $aComputer systems 606 $aApplication software 606 $aRobotics 606 $aComputer Modelling 606 $aComputer Communication Networks 606 $aComputer System Implementation 606 $aComputer and Information Systems Applications 606 $aRobotics 615 0$aComputer simulation. 615 0$aComputer networks. 615 0$aComputer systems. 615 0$aApplication software. 615 0$aRobotics. 615 14$aComputer Modelling. 615 24$aComputer Communication Networks. 615 24$aComputer System Implementation. 615 24$aComputer and Information Systems Applications. 615 24$aRobotics. 676 $a003.3 700 $aMazal$b Jan$01785397 701 $aFagiolini$b Adriano$01785398 701 $aVasik$b Petr$01353238 701 $aBruzzone$b Agostino$01785400 701 $aPickl$b Stefan$0472376 701 $aStodola$b Petr$01785401 701 $aNeumann$b Vlastimil$01860733 701 $aLou?ka$b Pavel$01860734 801 0$bMiAaPQ 801 1$bMiAaPQ 801 2$bMiAaPQ 906 $aBOOK 912 $a996691667603316 996 $aModelling and Simulation for Autonomous Systems$94466473 997 $aUNISA